Normal view
MARC view
- Bernal Pinilla, Luis Darío,
Entry Nombre Personal
001 - NUMERO DE CONTROL
- campo de control: 35734
003 - IDENTIFICADOR DE NUMERO DE CONTROL
- campo de control: UPN
005 - FECHA Y HORA DE LA ÜLTIMA TRANSACCIÓN
- campo de control: 20210219194506.0
008 - DATOS DE LONGITUD FIJA
- campo de control de longitud fija: nabaccnnaabn|||||||||| b |nc|||||d
035 ## - NUMERO DE CONTROL
- Número de control: UPN11000007841
040 ## - FUENTE DE CATALOGACIÓN
- Lenguaje de catalogación: SPA
- Agencia de transcripción: UPN
100 1# - ENCABEZAMIENTO - NOMBRE PERSONAL
- Nombre personal: Bernal Pinilla, Luis Darío,
- Fechas asociadas con el nombre: 1950-
670 ## - FUENTE EN LA QUE SE LOCALIZARON DATOS
- Cita de la fuente: LC
680 ## - NOTA PUBLICA DE ACCESO PÚBLICO
- Frase explicativa de la referencia: Nació en Bogotá. Abogado con un posgrado en Economía y Ciencias Políticas, se dedica a la literatura desde 1979. Ha estado vinculado con la problemática de la promoción de la lectura; la literatura infantil y juvenil y la educación.
902 ## - CATALOGADOR
- Catalogador: MITM/040914
